Doing task-based teaching

This book provides teachers with a better understanding of task-based learning and how it works, including how to incorporate tasks with textbook material.

Đã lưu trong:
Bibliografiske detaljer
Hovedforfatter: Willis, Dave
Format: Bog
Sprog:Undetermined
Udgivet: Oxford Oxford University Press 2007
Fag:
Tags: Tilføj Tag
Ingen Tags, Vær først til at tagge denne postø!
Thư viện lưu trữ: Trung tâm Học liệu Trường Đại học Cần Thơ
LEADER 00801nam a2200241Ia 4500
001 CTU_153207
008 210402s9999 xx 000 0 und d
020 |c 12.57 
082 |a 428.007 
082 |b W734 
100 |a Willis, Dave 
245 0 |a Doing task-based teaching 
245 0 |c Dave Willis, Jane Willis 
260 |a Oxford 
260 |b Oxford University Press 
260 |c 2007 
520 |a This book provides teachers with a better understanding of task-based learning and how it works, including how to incorporate tasks with textbook material. 
526 |a Giảng dạy các kỹ năng ngôn ngữ 
526 |b SG203 
650 |a Language and languages 
650 |x Study and teaching 
904 |i Giang 
980 |a Trung tâm Học liệu Trường Đại học Cần Thơ